Data banks for chemical engineers /

Guardado en:
Autor Principal: Rasmussen, Peter.
Otros Autores: Fredenslund, Aage.
Formato: Libro
Idioma:English
Publicado: [Lyngby, Dennmark] : Kemiingeniorgruppen, 1980.
Materias:
Etiquetas: Agregar Etiqueta
Sin Etiquetas, Sea el primero en etiquetar este registro!
LEADER 00681nam a22001935a 4500
001 EIQ.libpla001576
008 061109s1980####dk#######b####000#0#eng#d
005 20061109185253.0
245 1 0 |a Data banks for chemical engineers /  |c Peter Rasmussen and Aage Fredenslund. 
260 |a [Lyngby, Dennmark] :  |b Kemiingeniorgruppen,  |c 1980. 
300 |a 79 p. ;  |c 21 cm. 
504 |a Incluye referencias bibliográficas. 
020 |a 8798073613 
100 1 |a Rasmussen, Peter. 
700 1 |a Fredenslund, Aage. 
650 4 |a Ingenieros químicos  |x Banco de datos. 
650 4 |a Chemical engineers  |x Data banks. 
040 |a AR-BbSID  |b spa  |c AR-BbSID 
859 |a AR-BbSID  |b BIB. PLAPIQUI  |h 660.028 5  |i R 182  |p 1636